000 00541nam a22001695i 4500
001 171868
003 ES-MaACL
005 20230906214742.0
008 090604s1973 sp |||| | spa d
080 _a929 Solzhenitsyn, Aleksandr
100 1 _aSolzhenitsyn, Aleksandr Isaevich.
_9107256
245 1 0 _aSoljenitsin acusa /
_cLeopold Labedz ; [traducción de Gloria Martinengo].
260 _aBarcelona :
_bJuventud,
_c[1973]
300 _a295 p. ;
_c21 cm.
700 1 _aMartinengo, Gloria.
_977702
852 _aES-MaACL
_jE-6577
_9R.90941
999 _c171868
_d171868